Statistics for RB Leipzig Squad 23/24

Click here to take the quiz!

General Stats

  • This quiz has been taken 9 times
  • The average score is 11 of 24

Answer Stats

Kit No.Player% Correct
20Xavi Simons🇳🇱
100%
17Loïs Openda🇧🇪
78%
2Mohamed Simakan🇫🇷
78%
1Péter Gulácsi🇭🇺
78%
9Yussuf Poulsen🇩🇰
78%
8Amadou Haidara🇲🇱
67%
16Lukas Klostermann🇩🇪
67%
4Willi Orbán🇭🇺
67%
24Xaver Schlager🇦🇹
67%
7Dani Olmo🇪🇸
56%
22David Raum🇩🇪
56%
39Benjamin Henrichs🇩🇪
44%
30Benjamin Šeško🇸🇮
44%
23Castello Lukeba🇫🇷
44%
21Janis Blaswich🇩🇪
44%
14Christoph Baumgartner🇦🇹
33%
6Eljif Elmas🇲🇰
33%
44Kevin Kampl🇸🇮
33%
13Nicolas Seiwald🇦🇹
33%
3Christopher Lenz🇩🇪
22%
5El Chadaille Bitshiabu🇫🇷
11%
25Leopold Zingerle🇩🇪
11%
31Tim Köhler🇩🇪
0%
36Timo Schlieck🇩🇪
0%

Score Distribution

Percentile by Number Answered

Percent of People with Each Score

Your Score History

You have not taken this quiz